Дело по содержательной части Придворнозапасного дома и о производстве там ремонтных работ

Доступно только в Электронных читальных залах Найти на картеНа карте
RUSMARC
00003542nmc2a22002413x 450
001b17e41b0-d806-47d3-b7a7-7ac4fe9c7b07
00520240628165420.0
100##$a20240604l18431844k l0rusy0189 ca
1010#$arus
102##$aRU
105##$ay###
1222#$ad
2001#$aДело по содержательной части Придворнозапасного дома и о производстве там ремонтных работ
$j21 мая 1843 г. - 12 января 1844 г.
215##$a83 л.
$d36,5х26 см
251##$cДело
300##$aДело
371##$aДокумент не является опубликованным и широко распространяемым
461#0$1001625a9a7e-a890-4307-a7fe-826a2289a412
$12001
$aГоф-интенданская контора Министерства императорского двора
$1251
$cФонд
$1852
$j470
462#0$100166b09aaf-651e-4c14-91ac-21261ce4c4c7
$12001
$aПо Придворному запасному дому
$1251
$cОпись
$1852
$j4
$l99_а-533_а
801#0$aRU
$bРГИА
$c20240604
$gRCR
801#1$aRU
$bГлавНИВЦ
$c20240604
$2rusmarc
801#2$aRU
$bПБ им. Б.Н. Ельцина
$c20240628
$gRCR
$2rusmarc
850##$aРГИА
852##$aРГИА
$eФедеральное казенное учреждение "Российский государственный исторический архив" (РГИА)
$j7
937##$hРГИА
$d12418480
$aASBIBLIO_SCAN
035##$aRusGRCC00072422
856##$uhttp://readingroom.main.prlib.ru/item.aspx?id_node=n192758169&mode=full
Формат отображения